[Event "8th OHRA Crown Group"]
[Site "Amsterdam NED"]
[Date "1989.07.30"]
[Round "1"]
[White "Gulko, Boris"]
[Black "Piket, Jeroen"]
[Result "1/2-1/2"]
[WhiteElo "2610"]
[BlackElo "2540"]
[EventDate "1989.07.30"]
[PlyCount "49"]

1.d4 Nf6 2.c4 g6 3.g3 Bg7 4.Bg2 O-O 5.Nc3 d6 6.e3 e5 7.Nge2 Nbd7 8.b3 Re8 
9.Ba3 exd4 10.exd4 d5 11.O-O dxc4 12.bxc4 Nb6 13.Qb3 a5 14.Rad1 a4 15.Qb4 
Bf8 16.c5 Nbd5 17.Qb2 c6 18.Nxd5 Nxd5 19.Nc3 Nxc3 20.Qxc3 Be6 21.d5 Bg7 
22.Qc4 cxd5 23.Bxd5 b5 24.cxb6 Qxb6 25.Bxe6 1/2-1/2

[Event "8th OHRA Crown Group"]
[Site "Amsterdam NED"]
[Date "1989.08.02"]
[Round "4"]
[White "Gulko, Boris"]
[Black "Kortschnoj, Viktor"]
[Result "1-0"]
[WhiteElo "2610"]
[BlackElo "2655"]
[EventDate "1989.07.30"]
[PlyCount "67"]

1.d4 e6 2.c4 d5 3.Nf3 Nf6 4.g3 dxc4 5.Bg2 Bd7 6.Ne5 Bc6 7.Nxc6 Nxc6 8.O-O 
Nxd4 9.Bxb7 Rb8 10.Bg2 Bc5 11.Nd2 c3 12.bxc3 Nb5 13.Qc2 O-O 14.a4 Nxc3 15.
Qxc3 Bd4 16.Qa3 Bxa1 17.Qxa1 c5 18.Ne4 Nxe4 19.Bxe4 Qd4 20.Qxd4 cxd4 21.f4
Rfc8 22.a5 a6 23.Bd3 Rc6 24.Kf2 f5 25.Ba3 Kf7 26.Rc1 Rc3 27.Rxc3 dxc3 28.
Ke1 Rb3 29.Bd6 Rb2 30.Kd1 Ra2 31.Bb4 Ra1+ 32.Kc2 Rh1 33.Bxa6 Rxh2 34.Bb5 
1-0

[Event "8th OHRA Crown Group"]
[Site "Amsterdam NED"]
[Date "1989.08.03"]
[Round "5"]
[White "Van der Wiel, John"]
[Black "Gulko, Boris"]
[Result "1/2-1/2"]
[WhiteElo "2545"]
[BlackElo "2610"]
[EventDate "1989.07.30"]
[PlyCount "101"]

1.e4 e5 2.Nf3 Nc6 3.Bb5 Bc5 4.c3 Nf6 5.d4 Bb6 6.Qe2 exd4 7.e5 O-O 8.cxd4 
Re8 9.Be3 Ng4 10.Nc3 d6 11.O-O-O Nxe3 12.fxe3 Bd7 13.Rhf1 dxe5 14.Bxc6 
Bxc6 15.Nxe5 Bd5 16.Nxd5 Qxd5 17.Nxf7 Qxa2 18.Ne5 c5 19.Qc4+ Qxc4+ 20.Nxc4
cxd4 21.Nxb6 axb6 22.exd4 Re2 23.Kb1 Rxg2 24.Rfe1 Kf7 25.Rc1 Ra5 26.Rc7+ 
Kf6 27.Ree7 Rb5 28.Rf7+ Ke6 29.Rxg7 Rgxb2+ 30.Kc1 h5 31.Rxb7 Kd5 32.h4 Kc4
33.Rbc7+ Kd3 34.Rg3+ Kxd4 35.Rd7+ Ke4 36.Re7+ Kf4 37.Rgg7 R2b4 38.Ref7+ 
Ke4 39.Re7+ Kf3 40.Ref7+ Ke3 41.Re7+ Kd3 42.Rd7+ Kc3 43.Rc7+ Rc4 44.Rxc4+ 
Kxc4 45.Rg8 Kc3 46.Rg3+ Kb4 47.Rg6 Rc5+ 48.Kb2 b5 49.Rg5 Kc4 50.Rxc5+ Kxc5
51.Kc3 1/2-1/2

[Event "8th OHRA Crown Group"]
[Site "Amsterdam NED"]
[Date "1989.08.05"]
[Round "6"]
[White "Piket, Jeroen"]
[Black "Gulko, Boris"]
[Result "1-0"]
[WhiteElo "2540"]
[BlackElo "2610"]
[EventDate "1989.07.30"]
[PlyCount "189"]

1.d4 d6 2.e4 Nf6 3.Nc3 g6 4.Be2 Bg7 5.Nf3 O-O 6.O-O Nc6 7.d5 Nb8 8.h3 e5 
9.dxe6 Bxe6 10.Bg5 h6 11.Be3 Nc6 12.Qd2 Kh7 13.Rad1 Re8 14.Rfe1 a6 15.a4 
Bd7 16.Bc4 Be6 17.Be2 Qe7 18.Nd5 Qd8 19.Nc3 Nb4 20.Bf4 Qe7 21.Bf1 Qf8 22.
a5 Rad8 23.Nb5 d5 24.Nxc7 Nxe4 25.Qc1 Re7 26.c3 Nc6 27.c4 Nf6 28.Nxe6 Rxe6
29.Rxe6 fxe6 30.cxd5 Nxd5 31.Bd2 Nd4 32.Nxd4 Bxd4 33.Be1 Qf6 34.Rd3 Qe5 
35.Rf3 Kg7 36.b3 Ne7 37.Bc3 Bxc3 38.Rxc3 Nd5 39.Rc8 Qf6 40.Qc5 Rxc8 41.
Qxc8 Qe7 42.Bc4 h5 43.h4 Kf7 44.g3 Nf6 45.Bd3 Kg7 46.Qc2 Qd8 47.Qc3 Qd6 
48.Be4 Qd7 49.Bf3 Kf7 50.Kg2 Qe7 51.Qc8 Nd5 52.Kg1 Kg7 53.Be4 Kh7 54.Qc2 
Qf7 55.Qc5 Nf6 56.Bf3 Nd5 57.Kg2 Kg7 58.Qd6 Nf6 59.Kg1 Ne8 60.Qd4+ Nf6 61.
Qe5 Qd7 62.Qb8 Nd5 63.Kg2 Kf7 64.Be4 Kg7 65.Qa8 Qe7 66.Qc8 Kh7 67.Qc2 Qf7 
68.Qc5 Kg7 69.Qd6 Nf6 70.Bd3 Ng4 71.Qb6 Nf6 72.Bc4 Nd5 73.Qd6 Kh7 74.Qe5 
Kg8 75.Kg1 Qd7 76.Bd3 Qf7 77.Be4 Kf8 78.Qh8+ Ke7 79.Qb8 Kf6 80.Qh8+ Ke7 
81.Qb8 Kf6 82.Bxd5 exd5 83.Qf4+ Kg7 84.Qxf7+ Kxf7 85.f3 Ke6 86.Kf2 Kd6 87.
Ke3 Kc5 88.g4 Kd6 89.Kd4 Ke6 90.g5 Kd6 91.f4 Ke6 92.Kc5 Kf5 93.Kxd5 Kg4 
94.Ke4 Kxh4 95.Kf3 1-0

[Event "8th OHRA Crown Group"]
[Site "Amsterdam NED"]
[Date "1989.08.08"]
[Round "9"]
[White "Kortschnoj, Viktor"]
[Black "Gulko, Boris"]
[Result "0-1"]
[WhiteElo "2655"]
[BlackElo "2610"]
[EventDate "1989.07.30"]
[PlyCount "80"]

1.d4 Nf6 2.Nf3 g6 3.c3 Bg7 4.Bf4 d6 5.h3 O-O 6.Nbd2 Bf5 7.g4 Bd7 8.Bg2 Nc6
9.Bg3 Qe8 10.Qc2 e5 11.dxe5 dxe5 12.Nc4 Nd5 13.Nfxe5 Nxe5 14.Bxe5 Ne3 15.
Nxe3 Qxe5 16.Bxb7 Rab8 17.Rd1 Be6 18.Bd5 Bh6 19.Bxe6 Qxe6 20.b3 Bxe3 21.
fxe3 Qxe3 22.Rd3 Qe7 23.O-O Rb5 24.Qd2 h5 25.Rf2 Re5 26.Rg2 Re8 27.Rd7 Qe6
28.Rd8 Rxd8 29.Qxd8+ Kg7 30.Qxc7 Rxe2 31.Rxe2 Qxe2 32.Qxa7 Qe1+ 33.Kg2 
Qe4+ 34.Kf2 Qc2+ 35.Kf3 Qd1+ 36.Ke4 Qh1+ 37.Ke5 Qxh3 38.Qd4 hxg4 39.Kd6+ 
Kg8 40.Ke7 Qh4+ 0-1

[Event "8th OHRA Crown Group"]
[Site "Amsterdam NED"]
[Date "1989.08.08"]
[Round "9"]
[White "Van der Wiel, John"]
[Black "Piket, Jeroen"]
[Result "1/2-1/2"]
[WhiteElo "2545"]
[BlackElo "2540"]
[EventDate "1989.07.30"]
[PlyCount "57"]

1.e4 e5 2.Nf3 Nf6 3.Nxe5 d6 4.Nf3 Nxe4 5.Nc3 Nxc3 6.dxc3 Be7 7.Be3 O-O 8.
Qd2 Nd7 9.O-O-O Ne5 10.Nd4 a6 11.f4 Ng4 12.Bd3 Nxe3 13.Qxe3 Bf6 14.Qf3 c5 
15.Nb3 Be6 16.Be4 Qb6 17.g4 a5 18.g5 Be7 19.Bd5 a4 20.Nd2 a3 21.b3 Bxd5 
22.Qxd5 Qa5 23.Ne4 Rfe8 24.Rd3 Bf8 25.Rg1 c4 26.Qxc4 Qf5 27.Ng3 Qh3 28.Qd5
Qxh2 29.Rh1 1/2-1/2